[Event "Berlin Teschner Memorial"]
[Site "Berlin"]
[Date "2022.05.26"]
[Round "1"]
[White "Kandeler, Christian"]
[Black "Klenburg, Mikhail"]
[Result "0-1"]
[WhiteElo "1821"]
[BlackElo "2346"]
[PlyCount "62"]
[EventDate "2022.05.26"]
[EventType "swiss"]
[EventRounds "7"]
[EventCountry "GER"]
[SourceTitle "CBM 208 Extra"]
[Source "ChessBase"]
[SourceDate "2022.07.31"]
[SourceVersion "1"]
[SourceVersionDate "2022.07.31"]
[SourceQuality "1"]

1. e4 e6 2. d4 d5 3. Nc3 Bb4 4. exd5 exd5 5. Bd3 c6 6. Nf3 Bg4 7. h3 Bh5 8. 0-0 Ne7 9. Bf4 Bd6 10. Bxd6 Qxd6 11. Re1 Nd7 12. a3 Qf6 13. Be2 Bxf3 14. Bxf3 0-0 15. Bg4 Nb6 16. Ne2 g6 17. Ng3 Rae8 18. c3 Qd6 19. Qc2 f5 20. Bf3 Qd7 21. Re2 Nec8 22. Rae1 Nd6 23. Rxe8 Rxe8 24. Rxe8+ Qxe8 25. a4 Qe1+ 26. Kh2 Nbc4 27. b3 Nd2 28. Qd1 Qxf2 29. Be2 Qf4 30. Kh1 Qxg3 31. Qxd2 Ne4 0-1

[Event "Berlin Lichtenberger op 18th"]
[Site "Berlin"]
[Date "2019.08.25"]
[Round "9"]
[White "Kandeler, Christian"]
[Black "Jaeger, Andre"]
[Result "1-0"]
[WhiteElo "1650"]
[BlackElo "1897"]
[PlyCount "83"]
[EventDate "2019.08.17"]
[EventType "swiss"]
[EventRounds "9"]
[EventCountry "GER"]
[SourceTitle "EXT 2020"]
[Source "ChessBase"]
[SourceDate "2019.10.17"]
[SourceVersion "1"]
[SourceVersionDate "2019.10.17"]
[SourceQuality "1"]

1. e4 c5 2. c3 Nf6 3. e5 Nd5 4. d4 cxd4 5. Nf3 Nc6 6. cxd4 d6 7. Bc4 Nb6 8. Bb3 d5 9. Nc3 Bg4 10. 0-0 e6 11. Be3 Be7 12. h3 Bh5 13. a3 Rc8 14. Bc2 Nc4 15. Bc1 Bxf3 16. gxf3 a6 17. Kh2 b5 18. Ne2 g5 19. Rg1 h6 20. b3 Nb6 21. f4 Qc7 22. Bd3 f5 23. a4 Nb4 24. axb5 Nxd3 25. Qxd3 Qc2 26. Qf3 axb5 27. fxg5 hxg5 28. Bxg5 Bxg5 29. Rxg5 Qe4 30. Qxe4 dxe4 31. Nf4 Rc2 32. Rg2 Rc3 33. Ra6 Rh4 34. Ra7 Nd7 35. Ra8+ Kf7 36. Rag8 Nf8 37. R2g7+ Ke8 38. Nxe6 Rcxh3+ 39. Kg2 Rg4+ 40. Kxh3 Rxg7 41. Nxg7+ Kf7 42. Rxf8+ 1-0

[Event "Berlin Lichtenberger op 18th"]
[Site "Berlin"]
[Date "2019.08.23"]
[Round "7"]
[White "Kandeler, Christian"]
[Black "Korell, Klaus Peter"]
[Result "1-0"]
[WhiteElo "1650"]
[BlackElo "1816"]
[PlyCount "77"]
[EventDate "2019.08.17"]
[EventType "swiss"]
[EventRounds "9"]
[EventCountry "GER"]
[SourceTitle "EXT 2020"]
[Source "ChessBase"]
[SourceDate "2019.10.17"]
[SourceVersion "1"]
[SourceVersionDate "2019.10.17"]
[SourceQuality "1"]

1. e4 e6 2. d4 d5 3. Nc3 Bb4 4. e5 c5 5. a3 Bxc3+ 6. bxc3 Ne7 7. Nf3 Nbc6 8. Be2 0-0 9. 0-0 h6 10. Re1 c4 11. a4 Kh7 12. Ba3 Rg8 13. a5 Ng6 14. Bb4 Bd7 15. Qd2 f5 16. exf6 Qxf6 17. Bd6 Rad8 18. Ne5 Ngxe5 19. dxe5 Qf5 20. g4 Qg5 21. f4 Qg6 22. Rf1 Qf7 23. Rf3 g6 24. Rh3 Ne7 25. f5 g5 26. f6 Nc8 27. Bc5 Bc6 28. Be3 Qg6 29. Rf1 Rdf8 30. Rh5 b5 31. Rf3 d4 32. Bxg5 Qxh5 33. gxh5 Bxf3 34. Bxf3 Rxg5+ 35. Kf2 Rd8 36. Qf4 Rf8 37. Qe4+ Kg8 38. cxd4 a6 39. Qb7 1-0

[Event "Berlin Lichtenberger op 18th"]
[Site "Berlin"]
[Date "2019.08.17"]
[Round "1"]
[White "Noeldner, Julian"]
[Black "Kandeler, Christian"]
[Result "1-0"]
[WhiteElo "1975"]
[BlackElo "1650"]
[PlyCount "107"]
[EventDate "2019.08.17"]
[EventType "swiss"]
[EventRounds "9"]
[EventCountry "GER"]
[SourceTitle "EXT 2020"]
[Source "ChessBase"]
[SourceDate "2019.10.17"]
[SourceVersion "1"]
[SourceVersionDate "2019.10.17"]
[SourceQuality "1"]

1. g3 Nf6 2. Bg2 d5 3. Nf3 g6 4. c4 c6 5. b3 Bg7 6. Bb2 0-0 7. 0-0 Bf5 8. d3 Re8 9. h3 h5 10. Nh4 Qd7 11. Nxf5 Qxf5 12. Nc3 d4 13. e4 Qa5 14. Ne2 e5 15. f4 c5 16. fxe5 Rxe5 17. Nxd4 cxd4 18. Bxd4 Re6 19. e5 Nbd7 20. exf6 Bxf6 21. Bxf6 Nxf6 22. Re1 Rae8 23. Rxe6 Rxe6 24. d4 b6 25. d5 Qc5+ 26. Kh2 Re3 27. Qd2 Qe7 28. Rf1 Nd7 29. d6 Qe5 30. Qf2 f5 31. Qf4 Qxf4 32. gxf4 Kf8 33. Bc6 Ke8 34. Rg1 Re6 35. Rd1 Kd8 36. b4 Nf6 37. Kg3 Ne4+ 38. Kh4 Rxd6 39. Rxd6+ Nxd6 40. c5 bxc5 41. bxc5 Ne4 42. Bd5 Nxc5 43. Kg5 Ke7 44. Kxg6 Nd7 45. Kxf5 Nf6 46. Bb3 Nh7 47. h4 Nf6 48. Kg6 Ne4 49. f5 Nf6 50. Bd1 Ng4 51. Kg7 Ne3 52. f6+ Kd6 53. f7 Nf5+ 54. Kf6 1-0